100 Greatest Greeks - Statistics

General Stats
  • This quiz has been taken 55 times
    41 since last reset
  • The average score is 21 of 99
Answer Stats
Rank Hint Years Alive Greek % Correct
1 General 356 BCE - 323 BCE Alexander the Great
97%
9 Philosopher 428/423 BCE - 348 BCE Plato
91%
5 Philosopher 470 BCE - 399 BCE Socrates
91%
6 Philosopher 384 BCE - 322 BCE Aristotle
84%
24 Mathematician 287 BCE - 212 BCE Archimedes
63%
17 Poet 8th Century BCE Homer
59%
19 General 540 BCE - 480 BCE Leonidas
56%
10 General 495 BCE - 429 BCE Pericles
56%
21 Mathematician 570 BCE - 495 BCE Pythagoras
56%
84 Historian 484 BCE - 425 BCE Herodotus
53%
20 Physician 460 BCE - 370 BCE Hippocrates
44%
25 Businessman 1906 - 1975 Aristotle Onassis
41%
44 Mathematician 4th - 3rd Century BCE Euclid
41%
80 Playwright 480 BCE - 406 BCE Euripides
41%
56 Playwright 497/496 BCE - 406/405 BCE Sophocles
41%
23 Opera Singer 1923 - 1977 Maria Callas
38%
96 King 382 BCE - 336 BCE Philip II
38%
71 Emperor 272 - 337 Constantine the Great
34%
69 Playwright 525/524 BCE - 456 BCE Aeschylus
31%
99 Philosopher 626/623 BCE - 548/545 BCE Thales
31%
52 Playwright 446 BCE - 386 BCE Aristophanes
28%
62 Dictator 1919 - 1999 Georgios Papadopoulos
28%
82 Emperor 482 - 565 Justinian the Great
28%
22 Poet 1863 - 1933 Constantine P. Cavafy
25%
7 Prime Minister 1864 - 1936 Eleftherios Venizelos
25%
27 Painter 1541 - 1614 El Greco
25%
11 Composer 1925 - 2021 Mikis Theodorakis
25%
32 Prime Minister 1871 - 1941 Ioannis Metaxas
22%
13 Actress 1920 - 1994 Melina Mercouri
22%
51 Sculptor 480 BCE - 430 BCE Phidias
22%
14 Prime Minister 1919 - 1996 Andreas Papandreou
19%
59 Prime Minister 1888 - 1968 Georgios Papandreou
19%
8 Governor 1776 - 1831 Ioannis Kapodistrias
19%
4 Prime Minister 1907 - 1998 Konstantinos Karamanlis
19%
65 King 1815 - 1867 Otto of Greece
19%
67 Politician 630 BCE - 560 BCE Solon
19%
41 General 524 BCE - 459 BCE Themistocles
19%
3 General 1770 - 1843 Theodoros Kolokotronis
19%
43 Historian 460 BCE - 400 BCE Thucydides
19%
66 Composer 1943 - 2022 Vangelis
19%
64 Novelist 1851 - 1911 Alexandros Papadiamantis
16%
88 Actress 1934 - 1996 Aliki Vougiouklaki
16%
47 General 1788 - 1821 Athanasios Diakos
16%
26 Prime Minister 1832 - 1896 Charilaos Trikoupis
16%
28 Emperor 1404 - 1453 Constantine XI Palaiologos
16%
73 Prime Minister 1936 - 2025 Costas Simitis
16%
29 Poet 1900 - 1971 Giorgos Seferis
16%
42 Philosopher 6th - 5th Century BCE Heraclitus
16%
33 Basketball Player 1957 - Present Nikos Galis
16%
15 Novelist 1883 - 1957 Nikos Kazantzakis
16%
16 Poet 1911 - 1996 Odysseas Elytis
16%
35 Philosopher 460 BCE - 370 BCE Democritus
13%
97 Actor 1921 - 1998 Dimitris Horn
13%
63 Philosopher 341 BCE - 270 BCE Epicurus
13%
34 Resistance Fighter 1782 - 1827 Georgios Karaiskakis
13%
2 Physician 1883 - 1962 Georgios Papanikolaou
13%
18 Composer 1925 - 1994 Manos Hatzidakis
13%
74 Prime Minister 1883 - 1953 Nikolaos Plastiras
13%
92 Weightlifter 1971 - Present Pyrros Dimas
13%
78 Singer 1931 - 2001 Stelios Kazantzidis
13%
85 Actor 1927 - 2011 Thanasis Veggos
13%
48 Footballer 1971 - Present Theodoros Zagorakis
13%
91 Songwriter 1915 - 1984 Vassilis Tsitsanis
13%
31 Resistance Fighter 1905 - 1945 Aris Velouchiotis
9%
70 Emperor 958 - 1025 Basil II
9%
46 Archbishop 1939 - 2008 Christodoulos of Athens
9%
58 Philosopher 1922 - 1997 Cornelius Castoriadis
9%
37 Poet 1798 - 1857 Dionysios Solomos
9%
53 Poet 1859 - 1943 Kostis Palamas
9%
55 Archeologist 1919 - 1992 Manolis Andronikos
9%
94 Resistance Fighter 1922 - 2020 Manolis Glezos
9%
45 General 1870 - 1904 Pavlos Melas
9%
100 Sculptor 4th Century BCE Praxiteles
9%
30 Writer 1757 - 1798 Rigas Feraios
9%
76 Director 1935 - 2012 Theo Angelopoulos
9%
40 Poet 1909 - 1990 Yiannis Ritsos
9%
39 Political Writer 1748 - 1833 Adamantios Korais
6%
68 Legislator 570 BCE - 508 BCE Cleisthenes
6%
12 Mathematician 1873 - 1950 Constantin Carathéodory
6%
36 Philosopher 1355/1360 - 1452/1454 Gemistos Plethon
6%
87 Actress 1900 - 1973 Katina Paxinou
6%
54 Saint 1714 - 1779 Kosmas the Aetolian
6%
98 Admiral 1771 - 1825 Laskarina Bouboulina
6%
93 Composer 1937 - 1982 Manos Loïzos
6%
89 Singer 1905 - 1972 Markos Vamvakaris
6%
57 Resistance Fighter 1915 - 1952 Nikos Beloyannis
6%
38 General 1797 - 1864 Yannis Makriyannis
6%
61 Politician 1939 - 1976 Alexandros Panagoulis
3%
79 Politician 1914 - 2005 Charilaos Florakis
3%
75 Composer 1896 - 1960 Dimitri Mitropoulos
3%
90 Politician 1912 - 1963 Grigoris Lambrakis
3%
86 Professor 1926 - Present Helene Ahrweiler
3%
72 Diplomat 1878 - 1920 Ion Dragoumis
3%
83 Playwright 1956 - Present Lakis Lazopoulos
3%
77 Singer 1936 - 1980 Nikos Xilouris
3%
49 Physicist 1948 - Present Dimitri Nanopoulos
0%
95 Pianist 1953 - Present Elena Mouzala
0%
81 Theater Director 1908 - 1987 Karolos Koun
0%
60 Philosopher 1913 - 1993 Nikolaos Margioris
0%
No matching quizzes found
Score Distribution
Percent of People with Each Score
Percentile by Number Answered
Your Score History
You have not taken this quiz since the last reset